000 00497nam a2200181Ia 4500
001 17703
005 20260306171536.0
008 260306s9999||||xx |||||||||||||| ||und||
041 _aESP
082 _a658.15
_bG96
100 _aGutiérrez Carmona, Jairo
_eAUT
245 0 _aModelos financieros con excel:
_bherramientas para mejorar la toma de decisiones empresariales
260 _c2008
300 _a367 páginas :
_c24 cm.
650 _aGEN
654 _aCAN
942 _cLIB
_dJUS
_fJUS
_2ddc
_n
999 _c17703
_d17703